000
00246nam a22001097a 4500
082
_a
808.3 BAR'M
100
_a
BARRIE, JAMES M
_9
57805
245
_a
THE LITTLE MINISTER
260
_a
NEWYORK
_b
WORLDS POPULAR
_c
1953
300
_a
250P
942
_c
BK
999
_c
568058
_d
568058